| 000 | 00431cam a22001694a 4500 | ||
|---|---|---|---|
| 020 | _a0072322063 | ||
| 040 | _cDLC | ||
| 082 | 0 | 0 | _a005 MCG 2000 A002 Or. |
| 100 | 1 | _aRamakrishnan, Raghu. | |
| 245 | 1 | 0 | _aDatabase management systems / |
| 250 | _a2nd ed. | ||
| 260 |
_aBoston : _bMcGraw-Hill, _cc2000. |
||
| 300 |
_axxix, 906 p. : _bill. ; _c24 cm. |
||
| 650 | 0 | _aDatabase management. | |
| 700 | 1 | _aGehrke, Johannes. | |
| 942 | _cEK | ||
| 999 |
_c16488 _d16488 |
||